Preparando el porvenir (Record no. 101908)

MARC details
000 -LEADER
campo de control de longitud fija 00552nam a2200169 i 4500
001 - NÚMERO DE CONTROL
campo de control 101908
003 - IDENTIFICADOR DE NÚMERO DE CONTROL
campo de control ES-MaACL
005 - FECHA Y HORA DE LA ÚLTIMA TRANSACCIÓN
campo de control 20230906183015.0
007 - CAMPO FIJO DE DESCRIPCIÓN FÍSICA--INFORMACIÓN GENERAL
campo de control de longitud fija t|
008 - DATOS DE LONGITUD FIJA--INFORMACIÓN GENERAL
campo de control de longitud fija 051026s1969 sp ||||1| spa d
100 1# - ENTRADA PRINCIPAL--NOMBRE DE PERSONA
Nombre de persona Mendès-France, Pierre.
9 (RLIN) 80105
245 10 - MENCIÓN DEL TÍTULO
Título Preparando el porvenir
Resto del título : propuestas para la acción /
Mención de responsabilidad, etc. Pierre Mendès-France; traducción... por Josefina Culebras Abril.
260 ## - PUBLICACIÓN, DISTRIBUCIÓN, ETC.
Lugar de publicación, distribución, etc. Madrid :
Nombre del editor, distribuidor, etc. Aguilar,
Fecha de publicación, distribución, etc. 1969.
300 ## - DESCRIPCIÓN FÍSICA
Extensión 75 p. ;
Dimensiones 20 cm.
700 1# - ENTRADA AGREGADA--NOMBRE PERSONAL
Nombre de persona Culebras Abril, Josefina.
9 (RLIN) 42130
852 ## - LOCALIZACIÓN
Ubicación ES-MaACL
Número de control de estantería C-50535
Sublocalización o colección R.71485
Holdings
Estatus retirado Estado de pérdida Estado de daño No para préstamo Biblioteca de origen Biblioteca actual Ubicación en estantería Fecha de adquisición Fuente de adquisición Total de préstamos Signatura topográfica completa Código de barras Visto por última vez Precio de reemplazo Tipo de ítem Koha
        Biblioteca del Ateneo de Madrid Biblioteca del Ateneo de Madrid Depósito 2 17/01/2008     C-50535 1106385 23/02/2023 23/02/2023 Libro impreso